000
00207 a2200097 4500
001
2491
100
_a
Balakrishnan, A V
245
_a
Space Communications
260
_a
_b
McGraw-Hill
_c
090
_c
1801
_d
1801
942
_a
NUST-CAE
_c
M
_c
8903
999
_c
237564
_d
237564